[Event "GER-ch Schools U18 Girls"]
[Site "Germany"]
[Date "2010.05.08"]
[Round "4.4"]
[White "Berger, Melanie"]
[Black "Zacke, Tamara"]
[Result "1-0"]
[WhiteElo "1425"]
[BlackElo "857"]
[PlyCount "61"]
[EventDate "2010.05.07"]
[EventType "team-swiss"]
[EventRounds "7"]
[EventCountry "GER"]
[SourceTitle "EXT 2011"]
[Source "ChessBase"]
[SourceDate "2010.11.26"]
[SourceVersion "1"]
[SourceVersionDate "2010.11.26"]
[SourceQuality "1"]
[WhiteTeam "Wattenscheid (W)"]
[BlackTeam "Stuttgart SG (W)"]
[WhiteTeamCountry "GER"]
[BlackTeamCountry "GER"]

1. e4 e5 2. Nf3 Nc6 3. Bc4 Nf6 4. Ng5 d5 5. exd5 Nxd5 6. Qf3 Be6 7. Nxe6 fxe6 8. 0-0 Qd7 9. Bb5 0-0-0 10. Bxc6 Qxc6 11. Re1 Bd6 12. Nc3 Rhf8 13. Qg4 Rde8 14. Nxd5 Qxd5 15. d3 Bc5 16. Be3 Bxe3 17. Rxe3 g6 18. a3 Rf4 19. Qg3 Rg8 20. Rae1 Rgf8 21. Rxe5 Qd4 22. Rxe6 Qxf2+ 23. Qxf2 Rxf2 24. Re8+ Kd7 25. Rxf8 Rxf8 26. Rf1 Re8 27. Rf2 h5 28. Kf1 Re5 29. Rf7+ Kc6 30. Rf6+ Kd7 31. Rxg6 1-0

[Event "NRW-ch U14 Girls"]
[Site "Kranenburg"]
[Date "2008.03.27"]
[Round "5"]
[White "Berger, Melanie"]
[Black "Groemping, Carolin"]
[Result "1/2-1/2"]
[WhiteElo "1277"]
[BlackElo "1168"]
[PlyCount "62"]
[EventDate "2008.03.24"]
[EventType "swiss"]
[EventRounds "7"]
[EventCountry "GER"]
[SourceTitle "EXT 2009"]
[Source "ChessBase"]
[SourceDate "2008.11.26"]
[SourceVersion "1"]
[SourceVersionDate "2008.11.26"]
[SourceQuality "1"]

1. e4 e5 2. Nf3 Nc6 3. Bb5 d6 4. Bxc6+ bxc6 5. 0-0 Nf6 6. Re1 Be7 7. h3 0-0 8. d4 exd4 9. Nxd4 Bd7 10. Nc3 h6 11. Qd3 Nh7 12. Bf4 Bg5 13. Bxg5 Nxg5 14. Nf3 Nxf3+ 15. Qxf3 Qg5 16. Rad1 Rfe8 17. Kh2 Rab8 18. b3 Re6 19. Ne2 Rf6 20. Qg3 Qxg3+ 21. Kxg3 Rb5 22. f3 Rc5 23. c4 Ra5 24. Nc3 Rg5+ 25. Kf2 Rfg6 26. Rg1 Rf6 27. Na4 Re5 28. Rde1 Bc8 29. c5 Bb7 30. cxd6 cxd6 31. Nc3 Rc5 1/2-1/2

[Event "GER-chT U14 Girls"]
[Site "Burg Stargard"]
[Date "2006.12.27"]
[Round "2.2"]
[White "Reck, Jessica"]
[Black "Berger, Melanie"]
[Result "1-0"]
[WhiteElo "1144"]
[BlackElo "1025"]
[PlyCount "131"]
[EventDate "2006.12.27"]
[EventType "team-swiss"]
[EventRounds "7"]
[EventCountry "GER"]
[SourceTitle "EXT 2008"]
[Source "ChessBase"]
[SourceDate "2007.11.25"]
[SourceVersion "1"]
[SourceVersionDate "2007.11.25"]
[SourceQuality "1"]
[WhiteTeam "Leegebruch U14 Girls"]
[BlackTeam "Guennigfeld SV U14 Girls"]
[WhiteTeamCountry "GER"]
[BlackTeamCountry "GER"]

1. e4 e5 2. Nf3 Nc6 3. Bb5 d6 4. Nc3 Bd7 5. d3 Nf6 6. Bg5 Be7 7. d4 Bg4 8. d5 a6 9. Bxc6+ bxc6 10. dxc6 0-0 11. h3 Bh5 12. Bxf6 Bxf6 13. Nd5 Rb8 14. b3 Bg6 15. Qe2 Rb5 16. h4 h6 17. Qd2 Rc5 18. Qe3 Rxc6 19. 0-0-0 Rc5 20. g4 c6 21. Nxf6+ Qxf6 22. g5 Qf4 23. Qxf4 exf4 24. gxh6 gxh6 25. Rhg1 Kh7 26. Nh2 Bxe4 27. Rd2 Rg8 28. Ng4 Kh8 29. Re1 d5 30. Nf6 Rg2 31. Nxe4 dxe4 32. Rxe4 Rg4 33. Rd7 Kg7 34. Rdd4 Rf5 35. Kd2 Rxh4 36. Ke2 Kg6 37. f3 Rh2+ 38. Kd3 Kg5 39. Re2 Rh1 40. Rg2+ Kh4 41. Rg4+ Kh3 42. Rdxf4 Rxf4 43. Rxf4 h5 44. Rxf7 Kg3 45. Ke3 Rf1 46. Rg7+ Kh3 47. Ke2 Rh1 48. f4 Rh2+ 49. Ke3 Rxc2 50. f5 Rc3+ 51. Ke4 Rc1 52. f6 Rf1 53. f7 h4 54. Ke5 Rxf7 55. Rxf7 Kg4 56. Rf4+ Kg5 57. Ke4 h3 58. Rf1 Kg4 59. Rg1+ Kh4 60. Kf3 h2 61. Rh1 Kh3 62. Kf2 a5 63. Rc1 c5 64. Rc3+ Kg4 65. Kg2 Kf4 66. Kxh2 1-0